Philo (Registro nro. 47250)
[ vista simple ]
| 000 -LÍDER | |
|---|---|
| Campo fijo de descripción fija | 00930cam a2200337 c 4500 |
| 001 - NÚMERO DE CONTROL | |
| Campo de control | 20905 |
| 003 - IDENTIFICADOR DEL NÚMERO DE CONTROL | |
| Campo de control | CO-MdFUSB |
| 005 - FECHA Y HORA DE LA ULTIMA TRANSACCIÓN | |
| control field | 20220903112122.0 |
| 008 - ELEMENTOS DE LONGITUD FIJA -- INFORMACIÓN GENERAL | |
| Campo fijo de descripción fija -- Información general | 160404t1934 uk ||| |||| 00| 0 eng d |
| 020 ## - NÚMERO INTERNACIONAL NORMALIZADO PARA LIBROS | |
| Número Internacional Normalizado del libro | 978-0-674-99442-3 |
| 040 ## - FUENTE DE CATALOGACIÓN | |
| Agencia de catalogación original | CO-MdFUSB |
| Agencia que realiza la transcripción | CO-MdFUSB |
| Agencia que realiza la modificación | CO-MdFUSB |
| Convenciones de la descripción | rda |
| Idioma de catalogación | spa |
| 041 ## - CÓDIGO DE IDIOMA | |
| Código de idioma para texto/pista de sonido o título separado | eng |
| 082 ## - NÚMERO DE CLASIFICACIÓN DECIMAL DEWEY | |
| Número de clasificación | 888 |
| Clave de autor-Numero de item | P565p |
| 100 0# - ASIENTO PRINCIPAL--NOMBRE PERSONAL | |
| Nombre personal | Filón, |
| Término relacionador | Autor |
| 245 00 - TÍTULO | |
| Título del Material | Philo |
| Número de parte o sección de la obra | III |
| Mención de responsabilidad, etc. | / |
| 264 #1 - PRODUCCIÓN, PUBLICACIÓN, DISTRIBUCIÓN, MANUFACTURA, Y COPYRIGHT | |
| Lugar de producción, publicación, distribución, manufactura | England |
| Nombre del productor, publicador, distribuidor | : Harvard University Press |
| Fecha de producción, publicación, distribución, manufactura, o copyright | [1930] |
| 264 #4 - PRODUCCIÓN, PUBLICACIÓN, DISTRIBUCIÓN, MANUFACTURA, Y COPYRIGHT | |
| Fecha de producción, publicación, distribución, manufactura, o copyright | © 1930 |
| 300 ## - DESCRIPCIÓN FÍSICA | |
| Extensión | 306 pág. |
| Dimensiones | ; |
| 336 ## - TIPO DE CONTENIDO | |
| Fuente | rdacontent |
| Término de tipo de contenido | texto |
| Código de tipo de contenido | txt |
| 337 ## - TIPO DE MEDIO | |
| Fuente | rdamedia |
| Nombre del tipo de medio | sin mediación |
| Código del tipo de medio | n |
| 338 ## - TIPO DE SOPORTE | |
| Nombre del tipo de soporte | volumen |
| Código Tipo de soporte | nc |
| Fuente | rdacarrier |
| 347 ## - CARACTERÍSTICAS DEL ARCHIVO DIGITAL | |
| Fuente | rda |
| 490 ## - MENCIÓN DE SERIE | |
| Mención de serie | Loeb Classical Library |
| 501 ## - NOTA DE “CON” | |
| Nota de Contenido | Hardcover |
| 505 ## - NOTA DE CONTENIDO | |
| Nota de contenido con formato preestablecido | Preguntas y respuestas sobre Éxodo -- Libro I -- Libro II |
| 653 ## - TÉRMINO DE INDIZACIÓN - NO CONTROLADO | |
| Término no controlado | Filón de Alejandría |
| 653 ## - TÉRMINO DE INDIZACIÓN - NO CONTROLADO | |
| Término no controlado | Judaísmo Helénico |
| 942 ## - TIPO DE MATERIAL (KOHA) | |
| Tipo de Item KOHA | Libros de Referencia |
| 945 ## - INFORMACIÓN LOCAL DEL REGISTRO | |
| Catalogador | Estudiante |
| Estado de Material | Estado de Perdido | Forma de Clasificación | Volumen-Parte/Tomo | Estado de Dañado | No para Préstamo | Colección | Tomo | Biblioteca de Origen | Biblioteca Permanente | Ubicación en Estantería | Fecha de Adquisición | Total de Préstamos | Signatura Topográfica | Código de Barras | Última vez visto | Ejemplar/Existencia | Fecha de Remplazo | Tipo de Material |
|---|---|---|---|---|---|---|---|---|---|---|---|---|---|---|---|---|---|---|
| Dewey Decimal Classification | Vol. 3 | Colección de Referencia | Biblioteca FUSBC | Biblioteca FUSBC | Clásicos | 03/12/2015 | R 888.01 F488p | 22698 | 19/11/2022 | Ej. 1 | 26/01/2016 | Libros de Referencia |
